000 03275nam1a2200433 4500
001 RU\NLR\BIBL_A\022639805
005 20260129121829.0
035 _a(NLR Aleph) 022639805
090 _a13532886
_c13532886
100 _a20251008j1552 u y0rusy50 ca
101 0 _alat
102 _aRU
140 _abcfzy |||||||| ya 1000
200 1 _aChronologia hoc est omnium temporum et annorum ab initio mundi, usque ad hunc praesentem a nato Christo annum M.D.LII. computatio. In qua methodice enumerantur omnium populorum, regnorumque memorabilium origines ac successiones. Item omnes eorum reges, quando quisque caeperit, quamdiu regnarit, quid dignu[m] memoria gesserit. Quis status populi Dei fuerit. Ac quemadmodum translata sint imperia a populo in populum &c. Et si qui viri illustres, quae facinora egregia, ac si quid amplius memoratu dignum extitit, ea omnia breviter suis locis referuntur. Suntque in hac computatione omnia tempora, tum ex sacris Biblijs, cum ex optimis quibusque autoribus, historicis, & astronomorum observationibus, summa fide ac diligentia conciliata.
_aItem Commentariorum libri decem, in quibus quid tradatur proprio titulo indicatur.
_fAutore Iohanne Funccio
210 _aRegiomonte Prussiae [Kaliningrad]
_cin officina Lufftiniana
_d1552 mense Octobri
215 _a[12], 8, [1] с., с. 10-168, [10-168] (парал. паг.), [1-317]
_cтабл.
_d2° (39 см)
307 _a2-е произв. и указ. имеют самостоятельные титульные листы. Общ. тит. л. напеч. крас. и чер. краской. Грав. инициалы. Заставки. Виньетки. Концовки. С. 85 (паг. 2-я) ошибочно помеч.: 83
316 _aЭкз. РНБ (12.14.1.44): Синий обрез. Рукоп. пометы (записи, подчеркивания). После с. [1] (ряд 4-й) и в конце кн. вплет. 30 чистых л.
_5NLR: 12.14.1.44
317 _aЭкз. РНБ (12.14.1.44): Владельч. запись: Sum Conradus Alb: Schaumann Uracensis Alumnus Bebenhusanus ... (неразборчиво)
_5NLR: 12.14.1.44
320 _aУказ.: с. [262-317] (ряд 4-й)
517 1 _aCommentariorum libri decem
540 1 _aХронология от начала мира до 1552 года
540 1 _aКомментарии к «Хронологии»
606 1 _aВсеобщая история
_jИсточники и источниковедение
_zдо 16 в.
_92517896
_3RU\NLR\AUTH\661492245
620 _dKaliningrad
686 3 _aТ3(0)4,01
700 1 _6z01790
_aFunck
_bJ.
_f1518-1566
_gJohann
_4070
702 1 _6z02790
_aLufft
_bH.
_f1495-1584
_gHans
_4610
702 1 _6z03790
_aSchaumann
_bK.A.
_f1673-1745
_gKonrad Albrecht
_4390
790 1 _6z01700
_aFunccius
_gIohannes
_4070
790 1 _6z02702
_aLufftinius
_4610
790 1 _6z03702
_aSchaumann
_gConradus Alb.
_4390
852 _aNLR
_j12.14.1.44
942 _cBOOK
980 _ain16
980 _aNB